| 000 | 00816nam a22001577a 4500 | ||
|---|---|---|---|
| 003 | OSt | ||
| 005 | 20151112143149.0 | ||
| 008 | 151112b xxu||||| |||| 00| 0 eng d | ||
| 040 | _cRUA | ||
| 082 | _aFOR ROE 2007 B134 Or.1 | ||
| 100 |
_93607 _aROEUN, RATH KANITHA. |
||
| 245 | _aComparison of the growth potential of three seed sources dalbergia oliveri gramble exprain in nursery royal university of agriculture, ប្រៀបធៀបពីដំណើរការលូតលាស់របស់ប្រភេទឈើនាងនួនបីប្រភពផ្សេងៗគ្នាក្នុងថ្នាលបណ្ដុះសាកលវិទ្យាល័យភូមិន្ទកសិកម្ម | ||
| 260 |
_aPhnom Penh _bRUA _c2007 |
||
| 300 |
_axiv; 51p. _bill. _c29cm. |
||
| 942 |
_2ddc _cFOR |
||
| 999 |
_c3358 _d3358 |
||